Anuario / (Record no. 173579)

MARC details
000 -LEADER
campo de control de longitud fija 01119nas a2200253 i 4500
001 - NÚMERO DE CONTROL
campo de control 173579
003 - IDENTIFICADOR DE NÚMERO DE CONTROL
campo de control ES-MaACL
005 - FECHA Y HORA DE LA ÚLTIMA TRANSACCIÓN
campo de control 20250409172257.0
008 - DATOS DE LONGITUD FIJA--INFORMACIÓN GENERAL
campo de control de longitud fija 091210c1906 sp | | ||pa d
080 ## - NÚMERO DE LA CLASIFICACIÓN DECIMAL UNIVERSAL
Número de la Clasificación Decimal Universal 347
110 2# - ENTRADA PRINCIPAL--NOMBRE DE ENTIDAD CORPORATIVA
Nombre de entidad corporativa o nombre de jurisdicción como elemento de entrada España.
Unidad subordinada Dirección General de los Registros Civil y de la Propiedad y del Notariado.
9 (RLIN) 159704
245 10 - MENCIÓN DEL TÍTULO
Título Anuario /
Mención de responsabilidad, etc. Ministerio de Gracia y Justicia, Dirección General de los Registros Civil y de la Propiedad y del Notariado.
260 ## - PUBLICACIÓN, DISTRIBUCIÓN, ETC.
Lugar de publicación, distribución, etc. Madrid :
Nombre del editor, distribuidor, etc. Ministerio de Gracia y Justicia,
Fecha de publicación, distribución, etc. 1906-
300 ## - DESCRIPCIÓN FÍSICA
Extensión 32 v. ;
Dimensiones 25 cm.
310 ## - PERIODICIDAD ACTUAL
Periodicidad actual Anual
655 #7 - TERMINO DE INDIZACIÓN--GENERO/FORMA
Fuente del término tgfbne
9 (RLIN) 226822
Datos o término principal de género/forma Anuarios
710 0# - ENTRADA AGREGADA--NOMBRE DE ENTIDAD CORPORATIVA
Nombre de entidad corporativa o nombre de jurisdicción como elemento de entrada España.
Unidad subordinada Dirección General de los Registros y del Notariado.
9 (RLIN) 3751
852 ## - LOCALIZACIÓN
Ubicación ES-MaACL
Número de control de estantería Hem-H-109
Signatura antigua Olim: Hem-901
Ubicación en estantería Hemeroteca
itemnumber 180275
856 ## - LOCALIZACIÓN Y ACCESO ELECTRÓNICOS
Materiales especificados 2011-
Identificador Uniforme de Recursos <a href="https://www.mjusticia.gob.es/es/areas-actuacion/documentacion-publicaciones/publicaciones/anuario-direccion-general">https://www.mjusticia.gob.es/es/areas-actuacion/documentacion-publicaciones/publicaciones/anuario-direccion-general</a>
Texto de enlace Ministerio de Justicia
866 #0 - MENCIÓN TEXTUAL DE FONDOS--UNIDAD BIBLIOGRÁFICA BÁSICA
Fondos 1905-1908,1910,1913-1917,1919-1932,1934,1959-1964,1974.
942 ## - ELEMENTOS DE ENTRADA SECUNDARIOS (KOHA)
Fuente del sistema de clasificación o colocación Clasificación decimal universal
Tipo de ítem Koha Revista
Holdings
Estatus retirado Estado de pérdida Fuente del sistema de clasificación o colocación Estado de daño No para préstamo Colección Biblioteca de origen Biblioteca actual Ubicación en estantería Fecha de adquisición Total de préstamos Signatura topográfica completa Código de barras Visto por última vez Precio de reemplazo Tipo de ítem Koha
    Clasificación decimal universal     Periódicos y Revistas Biblioteca del Ateneo de Madrid Biblioteca del Ateneo de Madrid Hemeroteca 10/12/2009   HEM-H-109 1182159 23/02/2023 23/02/2023 Revista